Monsters vs. Aliens - Characters by Picture - Statistics

General Stats
  • This quiz has been taken 33 times
  • The average score is 8 of 29
Answer Stats
Picture Answer % Correct
B.O.B.
92%
Ginormica / Susan Murphy
81%
The Missing Link
62%
Dr. Cockroach, Ph.D.
58%
The Invisible Man
58%
Insectosaurus
50%
Derek Dietl
46%
General Warren R. Monger
42%
Gallaxhar
38%
Carl Murphy
31%
Katie
31%
President Hathaway
27%
Cuthbert
19%
Mutant Pumpkin / Wicked Jack
15%
Wendy Murphy
15%
Zombie Carrot
15%
Coverton
12%
Farmer Jeb
12%
Sqweep
12%
Sta'abi
12%
The Internet
12%
Man-Beast
4%
Miss Klangpopper
4%
Pip
4%
Smarty
4%
Vornicarn
4%
Dr. Cutter
0%
Jace Lovins
0%
Rule-Bot
0%
No matching quizzes found
Score Distribution
Percent of People with Each Score
Percentile by Number Answered
Your Score History
You have not taken this quiz